| 000 | 00780nam a22002292 4500 | ||
|---|---|---|---|
| 001 | 0000023404 | ||
| 005 | 20151021151146.0 | ||
| 008 | 121120s xx 000 0 eng d | ||
| 020 | _a8126526383 : | ||
| 040 |
_aKABU _cKABU |
||
| 100 | 1 |
_aCron, William L. _@0000182774 |
|
| 245 | 1 | 0 |
_aSales management : _bconcepts and cases / _cWilliam L. Cron, Thomas E. DeCarlo. |
| 250 | _a10th ed. [International student version] | ||
| 260 |
_aNew Delhi : _bWiley India, _c2010. |
||
| 300 | _a1 v. (various pagings) ; | ||
| 650 | 0 |
_aSales Management. _@0000151581 |
|
| 650 | 0 |
_aSales management _xCase studies. _@0000182775 |
|
| 700 | 1 |
_aDeCarlo, Thomas E. _@0000182776 |
|
| 852 | 1 | _9p1125 KES | |
| 908 | _a121120 | ||
| 950 | _@1 | ||
| 999 |
_c1333 _d1333 |
||